| 000 | 01265nam0a2200337 4500 | ||
|---|---|---|---|
| 001 | RU\NLR\BIBL_A\022702040 | ||
| 005 | 20260406101114.0 | ||
| 010 |
_a978-5-8399-0865-9 _91000 |
||
| 035 | _a(NLR Aleph) 022702040 | ||
| 090 |
_a13639281 _c13639281 |
||
| 100 | _a20260116d2025 k y0rusy50 ca | ||
| 101 | 0 | _apor | |
| 102 | _aRU | ||
| 105 | _aac z 000yy | ||
| 181 | 0 |
_ai3 _baxxe |
|
| 182 | 0 | _an | |
| 200 | 1 |
_aA Grande Guerra Patriótica dos Soviéticos _ecoleҫão de artigos _forganizadores: Francisco Carlos Teixeira da Silva [et al.] |
|
| 203 |
_aТекст _bвизуальный _cнепосредственный |
||
| 210 |
_aKazan _cPoznanie _d2025 |
||
| 215 |
_a255 с. _cил., портр. _d21 |
||
| 225 | 1 | _a80. Победа! | |
| 320 | _aБиблиогр. в конце ст. | ||
| 541 | 1 | _aВеликая Отечественная война Советов | |
| 606 | 1 |
_aВеликая Отечественная война _xИстория _z1941 - 1945 _92186310 _3RU\NLR\AUTH\661314473 |
|
| 686 | 1 | _aЦ35(2)722г | |
| 686 | 1 | _aТ3(2)722,02 | |
| 702 | 1 |
_4340 _7ba _8por _aSilva _bF. C. T. da _f1954- _gFrancisco Carlos Teixeira da _3RU\NLR\AUTH\770289660 _92696103 |
|
| 942 | _cBOOK | ||
| 980 | _aNB | ||